| 000 | 00674nam a2200217 u 4500 | ||
|---|---|---|---|
| 005 | 20240228064322.0 | ||
| 008 | 171127s2002 r 000 0 eng d | ||
| 020 | _a9802572691 | ||
| 035 | _aUPN01000221808 | ||
| 049 | _aI | ||
| 050 | 4 |
_aPZ76.3 _bP4.24 |
|
| 100 | 1 |
_aPérez Falcón, Marilyn _941865 |
|
| 245 | 1 | 1 |
_a¡Cuí-cuí-cuidado! : _banimales al volante / _cMarilyn Pérez Falcón ; il. María Elena Repiso. |
| 260 |
_aCaracas : _bEkaré, _c2002. |
||
| 300 |
_a24 p. : _bil. col. |
||
| 440 | 3 | _aEl jardín de los niños | |
| 650 | 0 |
_aAnimales _vCuentos y leyendas _9234 |
|
| 650 | 4 |
_aLibros y lectura para niños _92290 |
|
| 905 | _aInfantil | ||
| 999 |
_c193905 _d193905 |
||